[Event "Rheinland Pfalz Seniors op"]
[Site "Altenkirchen"]
[Date "2023.09.13"]
[Round "9"]
[White "Siebenhaar, Erich"]
[Black "Hassenrueck, Helmut"]
[Result "1/2-1/2"]
[WhiteElo "2056"]
[BlackElo "2152"]
[PlyCount "49"]
[EventDate "2023.09.05"]
[EventType "swiss"]
[EventRounds "9"]
[EventCountry "GER"]
[SourceTitle "EXT 2024"]
[Source "ChessBase"]
[SourceDate "2023.10.10"]
[SourceVersion "1"]
[SourceVersionDate "2023.10.10"]
[SourceQuality "1"]

1. d4 Nf6 2. Nc3 d5 3. Bf4 e6 4. e3 Bb4 5. Bd3 c5 6. dxc5 Nbd7 7. Nf3 Nxc5 8. 0-0 0-0 9. Nb5 a6 10. Nbd4 Nxd3 11. cxd3 Bd6 12. Bg5 h6 13. Bh4 e5 14. Ne2 Bg4 15. Qb3 g5 16. Bg3 Qe7 17. Rfe1 Bxf3 18. gxf3 Rad8 19. f4 gxf4 20. exf4 e4 21. Nc3 Rfe8 22. dxe4 dxe4 23. Bh4 Qd7 24. Kh1 Qg4 25. Rg1 1/2-1/2

[Event "Altenkirchen Seniors op 19th"]
[Site "Altenkirchen"]
[Date "2022.07.26"]
[Round "8"]
[White "Lacrosse, Marc"]
[Black "Siebenhaar, Erich"]
[Result "1/2-1/2"]
[WhiteElo "2003"]
[BlackElo "2020"]
[PlyCount "22"]
[EventDate "2022.07.19"]
[EventType "swiss"]
[EventRounds "9"]
[EventCountry "GER"]
[SourceTitle "CBM 209 Extra"]
[Source "ChessBase"]
[SourceDate "2022.09.30"]
[SourceVersion "1"]
[SourceVersionDate "2022.09.30"]
[SourceQuality "1"]

1. d4 Nf6 2. c4 e6 3. Nf3 b6 4. a3 Bb7 5. Nc3 d5 6. cxd5 Nxd5 7. Qc2 Nxc3 8. bxc3 c5 9. e4 Be7 10. Bb5+ Bc6 11. Bd3 Nd7 1/2-1/2

[Event "Altenkirchen Seniors op 19th"]
[Site "Altenkirchen"]
[Date "2022.07.19"]
[Round "1"]
[White "Siebenhaar, Erich"]
[Black "Platten, Herbert"]
[Result "1-0"]
[WhiteElo "2020"]
[BlackElo "1735"]
[PlyCount "43"]
[EventDate "2022.07.19"]
[EventType "swiss"]
[EventRounds "9"]
[EventCountry "GER"]
[SourceTitle "CBM 209 Extra"]
[Source "ChessBase"]
[SourceDate "2022.09.30"]
[SourceVersion "1"]
[SourceVersionDate "2022.09.30"]
[SourceQuality "1"]

1. Nc3 e6 2. d4 d5 3. Bf4 a6 4. e3 Nf6 5. Bd3 c5 6. Nf3 c4 7. Be2 Nc6 8. 0-0 h6 9. Ne5 Bd6 10. Nxc6 bxc6 11. Bxd6 Qxd6 12. b3 cxb3 13. axb3 0-0 14. Na4 Nd7 15. Re1 c5 16. Bf3 Rb8 17. Qd2 Qc7 18. Qc3 c4 19. bxc4 dxc4 20. Be2 e5 21. Bxc4 exd4 22. Bxf7+ 1-0

[Event "BL2-Sued 1617"]
[Site "Germany"]
[Date "2016.10.16"]
[Round "1.7"]
[White "Siebenhaar, Erich"]
[Black "Hirneise, Tobias"]
[Result "1-0"]
[WhiteElo "2036"]
[BlackElo "2477"]
[PlyCount "55"]
[EventDate "2016.10.16"]
[EventType "team-tourn"]
[EventRounds "9"]
[EventCountry "GER"]
[SourceTitle "CBM 175 Extra"]
[Source "ChessBase"]
[SourceDate "2016.12.12"]
[SourceVersion "1"]
[SourceVersionDate "2016.12.12"]
[SourceQuality "1"]
[WhiteTeam "Schott Mainz"]
[BlackTeam "Deizisau"]
[WhiteTeamCountry "GER"]
[BlackTeamCountry "GER"]

1. d4 Nf6 2. Nf3 d5 3. e3 c6 4. Bd3 Bg4 5. h3 Bh5 6. b3 Nbd7 7. Bb2 e6 8. Nbd2 Bd6 9. 0-0 Qe7 10. c4 0-0 11. Qc2 dxc4 12. Bxc4 Rac8 13. e4 b5 14. Bd3 e5 15. dxe5 Nxe5 16. Nxe5 Bxe5 17. Bxe5 Qxe5 18. Rae1 Rfd8 19. Re3 Nd7 20. Be2 Bxe2 21. Rxe2 Qc5 22. Nf3 Qxc2 23. Rxc2 c5 24. Rd1 f6 25. Rcd2 Rc7 26. e5 Kf7 27. Rd6 fxe5 28. Ng5+ 1-0

[Event "Hessen-ch op-A"]
[Site "Floersheim"]
[Date "2016.05.05"]
[Round "2"]
[White "Siebenhaar, Erich"]
[Black "Wachsmann, Dietmar"]
[Result "1/2-1/2"]
[WhiteElo "2021"]
[BlackElo "1845"]
[PlyCount "64"]
[EventDate "2016.05.05"]
[EventType "swiss"]
[EventRounds "7"]
[EventCountry "GER"]
[SourceTitle "EXT 2022"]
[Source "ChessBase"]
[SourceDate "2021.10.06"]
[SourceVersion "1"]
[SourceVersionDate "2021.10.06"]
[SourceQuality "1"]

1. d4 Nf6 2. Nf3 g6 3. Nc3 d5 4. Bf4 Bg7 5. e3 Nh5 6. Be5 f6 7. Bg3 c6 8. Be2 Bg4 9. Bxb8 Qxb8 10. h3 Bxf3 11. Bxf3 0-0 12. g4 Ng3 13. fxg3 Qxg3+ 14. Ke2 Bh6 15. Qg1 Qd6 16. a3 e5 17. Qg3 Rae8 18. Rae1 Bf4 19. dxe5 Qxe5 20. Bxd5+ cxd5 21. Qf3 Qxe3+ 22. Qxe3 Rxe3+ 23. Kd1 Re5 24. Rhf1 Bg3 25. Rxe5 Bxe5 26. Kd2 Rd8 27. Kd3 Kf7 28. Ne2 Ke6 29. c3 f5 30. Nd4+ Bxd4 31. Kxd4 Rf8 32. Re1+ Kd6 1/2-1/2

[Event "Oberliga Sued W 1314"]
[Site "Germany"]
[Date "2014.02.09"]
[Round "6.7"]
[White "Siebenhaar, Erich"]
[Black "Hoegerl, Gerd"]
[Result "1/2-1/2"]
[WhiteElo "2083"]
[BlackElo "2214"]
[PlyCount "25"]
[EventDate "2013.10.13"]
[EventType "team-tourn"]
[EventRounds "9"]
[EventCountry "GER"]
[SourceTitle "EXT 2015"]
[Source "ChessBase"]
[SourceDate "2014.11.20"]
[SourceVersion "1"]
[SourceVersionDate "2014.11.20"]
[SourceQuality "1"]
[WhiteTeam "Schott Mainz II"]
[BlackTeam "Mutterstadt"]
[WhiteTeamCountry "GER"]
[BlackTeamCountry "GER"]

1. d4 Nf6 2. Nf3 g6 3. Nc3 d5 4. Bf4 Bg7 5. e3 0-0 6. Be2 c5 7. Ne5 cxd4 8. exd4 Nc6 9. 0-0 Qb6 10. Nxc6 bxc6 11. Na4 Qa5 12. c3 Nd7 13. b4 1/2-1/2

[Event "BL2-Ost 0203"]
[Site "Germany"]
[Date "2003.02.23"]
[Round "7.7"]
[White "August, Christian"]
[Black "Siebenhaar, Erich"]
[Result "1/2-1/2"]
[WhiteElo "2128"]
[BlackElo "2210"]
[PlyCount "105"]
[EventDate "2002.10.20"]
[EventType "team-tourn"]
[EventRounds "9"]
[EventCountry "GER"]
[SourceTitle "EXT 2004"]
[Source "ChessBase"]
[SourceDate "2003.11.25"]
[SourceVersion "1"]
[SourceVersionDate "2003.11.25"]
[SourceQuality "1"]
[WhiteTeam "Erfurt SK II"]
[BlackTeam "Schott Mainz"]
[WhiteTeamCountry "GER"]
[BlackTeamCountry "GER"]

1. e4 Nf6 2. e5 Nd5 3. d4 d6 4. exd6 cxd6 5. Nf3 g6 6. c4 Nb6 7. Nc3 Bg7 8. Be3 0-0 9. Be2 Nc6 10. 0-0 Bg4 11. b3 d5 12. c5 Nc8 13. Rc1 e6 14. h3 Bxf3 15. Bxf3 N8e7 16. Ne2 Nf5 17. Qd2 Nh4 18. Bg4 h5 19. Bg5 Bf6 20. Bxh4 Bxh4 21. Bf3 Bg5 22. Qb2 Bxc1 23. Rxc1 Qf6 24. b4 a6 25. a4 Rfc8 26. Qd2 Kg7 27. Rb1 Rd8 28. Rd1 e5 29. dxe5 Qxe5 30. b5 axb5 31. axb5 Ne7 32. Nd4 Ra4 33. Qc3 Kg8 34. Qd2 Rc4 35. Nb3 Rd7 36. Qa5 Qc3 37. Qa8+ Kg7 38. Qe8 Rc7 39. b6 Rc8 40. Qxe7 Qxb3 41. Qe5+ Kg8 42. Qxd5 Qb4 43. Qxb7 Qxc5 44. Qa6 Rc1 45. b7 Rxd1+ 46. Bxd1 Rb8 47. Qa1 Re8 48. Qa8 Qe5 49. Ba4 Rb8 50. Bc6 Qc7 51. g3 Rd8 52. Bf3 Kh7 53. Qa7 1/2-1/2

[Event "BL2-West 9394"]
[Site "Germany"]
[Date "1994.??.??"]
[Round "?.4"]
[White "Stoering, Volker"]
[Black "Siebenhaar, Erich"]
[Result "1/2-1/2"]
[WhiteElo "2340"]
[BlackElo "2210"]
[PlyCount "94"]
[EventDate "1993.10.??"]
[EventType "team-tourn"]
[EventRounds "9"]
[EventCountry "GER"]
[SourceTitle "GER-chT2"]
[Source "ChessBase"]
[SourceDate "1999.07.01"]
[SourceVersion "1"]
[SourceVersionDate "1999.07.01"]
[SourceQuality "1"]
[WhiteTeam "Muenster"]
[BlackTeam "Schott Mainz"]
[WhiteTeamCountry "GER"]
[BlackTeamCountry "GER"]

1. d4 Nf6 2. c4 c5 3. d5 e5 4. Nc3 d6 5. e4 Be7 6. Nf3 0-0 7. h3 Nbd7 8. Bd3 Ne8 9. Qe2 a6 10. Be3 Rb8 11. a4 g6 12. Qc2 Ng7 13. Bh6 Kh8 14. a5 Nf6 15. Bd2 Ng8 16. Na4 f5 17. b4 cxb4 18. Bxb4 Nf6 19. 0-0 fxe4 20. Bxe4 Nxe4 21. Qxe4 Rf4 22. Qe2 Qf8 23. Bd2 Rf7 24. Ng5 Bxg5 25. Bxg5 Nf5 26. Rac1 Nd4 27. Qe3 b5 28. Nb6 bxc4 29. Rxc4 Bd7 30. Rfc1 Re8 31. Bh6 Nf5 32. Bxf8 Nxe3 33. Rc7 Rexf8 34. Nxd7 Nxd5 35. Rc8 Rxc8 36. Rxc8+ Kg7 37. Nb8 Nb4 38. Nc6 Nd3 39. Ra8 Rxf2 40. Rxa6 Rc2 41. Rb6 e4 42. a6 e3 43. Nd4 Rc1+ 44. Kh2 Nf4 45. a7 Ra1 46. Rb7+ Kf6 47. Nc2 Ra2 1/2-1/2

[Event "GER CupT"]
[Site "Germany"]
[Date "1991.??.??"]
[Round "?"]
[White "Podzielny, Karl Heinz"]
[Black "Siebenhaar, Erich"]
[Result "1-0"]
[WhiteElo "2445"]
[BlackElo "2210"]
[PlyCount "69"]
[EventDate "1991.??.??"]
[EventType "team"]
[EventRounds "9"]
[EventCountry "GER"]
[SourceTitle "TD"]
[Source "ChessBase"]
[SourceDate "1994.03.01"]
[SourceVersion "1"]
[SourceVersionDate "1994.03.01"]
[SourceQuality "1"]

1. d4 g6 2. c4 Bg7 3. Nc3 d6 4. e4 Nc6 5. Be3 e5 6. d5 Nce7 7. g4 f5 8. gxf5 gxf5 9. Nf3 f4 10. Bd2 Ng6 11. h4 Bg4 12. h5 Nh4 13. Be2 Bxf3 14. Bxf3 Nxf3+ 15. Qxf3 Qd7 16. h6 Bxh6 17. c5 dxc5 18. Qh5+ Kd8 19. Qxe5 Bg7 20. Qxf4 Ne7 21. 0-0-0 Ng6 22. Qg3 b5 23. Rxh7 Rxh7 24. Qxg6 Rh8 25. Bg5+ Kc8 26. Qa6+ Kb8 27. Nxb5 Qg4 28. Bd2 Bxb2+ 29. Kc2 Be5 30. Nd6 Qxd1+ 31. Kxd1 Rh1+ 32. Kc2 Bxd6 33. e5 Bxe5 34. Qb5+ Kc8 35. Qe8+ 1-0

[Event "BL2-Sued-West 9091"]
[Site "Germany"]
[Date "1991.??.??"]
[Round "?.4"]
[White "Werner, Clemens"]
[Black "Siebenhaar, Erich"]
[Result "1-0"]
[WhiteElo "2270"]
[BlackElo "2210"]
[PlyCount "35"]
[EventDate "1990.10.??"]
[EventType "team-tourn"]
[EventRounds "9"]
[EventCountry "GER"]
[SourceTitle "GER-chT2"]
[Source "ChessBase"]
[SourceDate "1999.07.01"]
[SourceVersion "1"]
[SourceVersionDate "1999.07.01"]
[SourceQuality "1"]
[WhiteTeam "Karlsruhe"]
[BlackTeam "Mainz"]
[WhiteTeamCountry "GER"]
[BlackTeamCountry "GER"]

1. d4 g6 2. e4 Bg7 3. Nc3 c6 4. Nf3 d5 5. h3 dxe4 6. Nxe4 Nf6 7. Nxf6+ Bxf6 8. Bc4 0-0 9. 0-0 c5 10. Bh6 Re8 11. Ne5 e6 12. c3 a6 13. Qf3 cxd4 14. cxd4 Ra7 15. Rad1 b5 16. Bb3 Bb7 17. Qf4 Nd7 18. Nxd7 1-0